LIBRARY & INFORMATION CENTRE, KCAET, TAVANUR

ONLINE PUBLIC ACCESS CATALOGUE (OPAC)

Diseases of Horticultural Crops | Identification & Management (Record no. 17420)

MARC details
000 -LEADER
fixed length control field 00406nam a22001457a 4500
003 - CONTROL NUMBER IDENTIFIER
control field OSt
008 - FIXED-LENGTH DATA ELEMENTS--GENERAL INFORMATION
fixed length control field 210914b ||||| |||| 00| 0 eng d
020 ## - INTERNATIONAL STANDARD BOOK NUMBER
ISBN 9789383305643
082 ## - DEWEY DECIMAL CLASSIFICATION NUMBER
Classification number 635.0493
Item number SAN/DI
100 ## - MAIN ENTRY--AUTHOR NAME
Personal name Sanjeev Kumar
245 ## - TITLE STATEMENT
Title Diseases of Horticultural Crops
Remainder of title Identification & Management
260 ## - PUBLICATION, DISTRIBUTION, ETC. (IMPRINT)
Place of publication New Delhi
Name of publisher New India Publishing Agency
Year of publication 2015
300 ## - PHYSICAL DESCRIPTION
Number of Pages 270 pages
942 ## - ADDED ENTRY ELEMENTS (KOHA)
Koha item type Books
Holdings
Withdrawn status Lost status Damaged status Home library Current library Shelving location Date acquired Cost, normal purchase price Full call number Accession Number Koha item type
      KAUAET KAUAET NAHEP-CAAST Project 07/09/2021 2295.00 635.0493 SAN/DI 26012 Books
free website counter